书目信息 |
| 题名: |
商法·经济法·国际法学专题讲座
|
|
| 作者: | ;北京万国学校 组编 | |
| 分册: | ||
| 出版信息: | 北京 九州出版社 2012 |
|
| 页数: | 591页 | |
| 开本: | 25cm | |
| 丛书名: | ||
| 单 册: | ||
| 中图分类: | D923.990.4 , D922.290.4 | |
| 科图分类: | ||
| 主题词: | 商法--中国--考核--自学参考资料 , 经济法--中国--考核--自学参考资料 , 国际法--考核--自学参考资料 , 商法 , 经济法 , 国际法 | |
| 电子资源: | ||
| ISBN: | 978-7-5108-1368-9 | |
| 000 | 01099nam0 2200313 450 | |
| 001 | 524 | |
| 005 | 20140908085759.01 | |
| 010 | @a978-7-5108-1368-9@dCNY52.00 | |
| 100 | @a20120323d2012 em y0chiy50 ea | |
| 101 | 0 | @achi |
| 102 | @aCN@b110000 | |
| 105 | @ay z 000yy | |
| 106 | @ar | |
| 200 | 1 | @a商法·经济法·国际法学专题讲座@AShang Fa· Jing Ji Fa· Guo Ji Fa Xue Zhuan Ti Jiang Zuo@f北京万国学校组编@FBei Jing Wan Guo Xue Xiao Zu Bian |
| 210 | @a北京@c九州出版社@d2012 | |
| 215 | @a591页@d25cm | |
| 300 | @a2012年国家司法考试 北京万国学校专题讲座系列 北京万国学校指定2012年国家司法考试辅导用书系列 | |
| 330 | @a本书介绍了商法、经济法、国家公法、国际私法、国际经济法等法律的相关内容。 | |
| 606 | 0 | @a商法@y中国@x考核@j自学参考资料 |
| 606 | 0 | @a经济法@y中国@x考核@j自学参考资料 |
| 606 | 0 | @a国际法@x考核@j自学参考资料 |
| 606 | 0 | @a商法 |
| 606 | 0 | @a经济法 |
| 606 | 0 | @a国际法 |
| 690 | @aD923.990.4@v5 | |
| 690 | @aD922.290.4@v5 | |
| 711 | 02 | @a北京万国学校@ABei Jing Wan Guo Xue Xiao@4组编 |
| 801 | 0 | @aCN@bTANGWEI@c20140603 |
| 905 | @b0838546-48@dD923.990.4@e1226@f3 | |
| 商法·经济法·国际法学专题讲座/北京万国学校组编.-北京:九州出版社,2012 |
| 591页;25cm |
| 2012年国家司法考试 北京万国学校专题讲座系列 北京万国学校指定2012年国家司法考试辅导用书系列 |
| ISBN 978-7-5108-1368-9:CNY52.00 |
| 本书介绍了商法、经济法、国家公法、国际私法、国际经济法等法律的相关内容。 |
| ● |
| 相关链接 |
|
|
|
|
正题名:商法·经济法·国际法学专题讲座
索取号:D923.990.4/1226
 
预约/预借
| 序号 | 登录号 | 条形码 | 馆藏地/架位号 | 状态 | 备注 |
| 1 | 0838546 | 208385460 | 第一样本阅览室/ [索取号:D923.990.4/1226] | 在馆 | |
| 2 | 0838547 | 208385479 | 第一借阅区/ [索取号:D923.990.4/1226] | 在馆 | |
| 3 | 0838548 | 208385488 | 密集书库-史法系/ [索取号:D923.990.4/1226] | 在馆 |